000 00400nam a2200157Ia 4500
003 LK-CoDNM
008 010623t1916 xxu||||| |||| 00| 1 eng d
040 _aLK-CoDNM
_dLK-CoDNM
_eLK-CoDNM
041 _aeng
080 _a50
_bC2
245 _aThe Journal of the Kandyan Association
260 _bCeylon Observer
_aColombo
_c1916
300 _b82P,1ill., 20 cm
650 _aMarriage Law
942 _cBK
999 _c88787
_d88787